[Event "Liberec Open 2016"]
[Site "Liberec CZE"]
[Date "2016.02.14"]
[Round "2.18"]
[White "Stebel, Agata"]
[Black "Korosciel, Aneta"]
[Result "1/2-1/2"]
[WhiteElo "1768"]
[BlackElo "2023"]
[PlyCount "71"]
[EventDate "2016.02.13"]
[EventType "swiss"]
[EventRounds "9"]
[EventCountry "CZE"]
[Source "lmi"]
[SourceDate "2016.02.13"]

1. e4 d6 2. d4 Nf6 3. Bd3 c6 4. Ne2 e5 5. c3 Be7 6. O-O O-O 7. f3 Re8 8. Be3
Nbd7 9. Nd2 Qc7 10. Qc2 a5 11. Kh1 b5 12. f4 Rb8 13. Ng3 c5 14. Nf5 Bf8 15.
fxe5 dxe5 16. d5 c4 17. Be2 g6 18. Nh6+ Kg7 19. Ng4 Nxg4 20. Bxg4 Nc5 21. Bxc8
Rbxc8 22. Nf3 h6 23. Bxc5 Bxc5 24. Qe2 Be7 25. Rad1 Qd6 26. Qf2 Bf6 27. Qg3
Red8 28. Nh4 Bxh4 29. Qxh4 b4 30. Rf3 Rd7 31. Qf2 Rb8 32. Rf1 Rbb7 33. Qe2 Qc5
34. h3 Rb5 35. R1f2 Qb6 36. Qf1 1/2-1/2

[Event "Liberec Open 2016"]
[Site "Liberec CZE"]
[Date "2016.02.14"]
[Round "2.20"]
[White "Von Keyserlingk, Chanda"]
[Black "Westphal, Norbert"]
[Result "1/2-1/2"]
[WhiteElo "1758"]
[BlackElo "1987"]
[PlyCount "74"]
[EventDate "2016.02.13"]
[EventType "swiss"]
[EventRounds "9"]
[EventCountry "CZE"]
[Source "lmi"]
[SourceDate "2016.02.13"]

1. d4 d5 2. c4 e6 3. Nc3 Nf6 4. cxd5 exd5 5. Bg5 Be7 6. e3 c6 7. Qc2 Nbd7 8.
Bd3 O-O 9. Nge2 Re8 10. O-O Nf8 11. Rad1 h6 12. Bh4 Ne4 13. Bxe7 Qxe7 14. Nxe4
dxe4 15. Bc4 Bg4 16. Rd2 Bxe2 17. Rxe2 Rad8 18. a3 Nd7 19. Ba2 Nf6 20. Rc1 a6
21. Qd1 Rd7 22. Rec2 Nd5 23. Qe2 Qg5 24. Rc5 Re6 25. Bxd5 Rxd5 26. Rxd5 cxd5
27. Rc8+ Kh7 28. Rc7 f5 29. g3 Rb6 30. Rc2 Qf6 31. Qd2 Rb3 32. Rc3 Qb6 33. Rxb3
Qxb3 34. Kf1 b5 35. Ke1 Qa2 36. Qc1 a5 37. Kd1 Qb3+ 1/2-1/2

[Event "Liberec Open 2016"]
[Site "Liberec CZE"]
[Date "2016.02.14"]
[Round "2.22"]
[White "Nemcova, Kamila"]
[Black "Chudinovskikh, Alexander M"]
[Result "0-1"]
[WhiteElo "1787"]
[BlackElo "2257"]
[PlyCount "62"]
[EventDate "2016.02.13"]
[EventType "swiss"]
[EventRounds "9"]
[EventCountry "CZE"]
[Source "lmi"]
[SourceDate "2016.02.13"]

1. e4 c5 2. Nf3 d6 3. d4 cxd4 4. Nxd4 Nf6 5. Nc3 Nc6 6. Be2 e5 7. Nb3 Be7 8.
Bg5 O-O 9. Bxf6 Bxf6 10. O-O Be6 11. Nd5 Bg5 12. c3 Rc8 13. Qd3 g6 14. Rad1 f5
15. Bf3 f4 16. Nd2 Rf7 17. Nc4 Kh8 18. Qe2 h5 19. Nxd6 Qxd6 20. Nxf4 Nd4 21.
Nxg6+ Kg7 22. cxd4 Bc4 23. dxe5 Qxg6 24. Bxh5 Bxe2 25. Bxg6 Kxg6 26. Rd6+ Kg7
27. Re1 Rc1 28. Rxc1 Bxc1 29. e6 Re7 30. Rd7 Kf6 31. e5+ Kxe6 0-1

[Event "Liberec Open 2016"]
[Site "Liberec CZE"]
[Date "2016.02.14"]
[Round "2.23"]
[White "Bogusz, Alan"]
[Black "Siggelkow, Axel"]
[Result "1/2-1/2"]
[WhiteElo "1572"]
[BlackElo "2051"]
[PlyCount "74"]
[EventDate "2016.02.13"]
[EventType "swiss"]
[EventRounds "9"]
[EventCountry "CZE"]
[Source "lmi"]
[SourceDate "2016.02.13"]

1. e4 c5 2. Nf3 e6 3. Nc3 a6 4. d4 cxd4 5. Nxd4 d6 6. Be3 Nf6 7. f3 Be7 8. Qd2
Nc6 9. O-O-O Qc7 10. g4 Nxd4 11. Bxd4 e5 12. Be3 Be6 13. h4 Nd7 14. g5 Rc8 15.
Bh3 Nb6 16. Bxb6 Qxb6 17. Nd5 Qc5 18. Nxe7 Kxe7 19. Kb1 Rc6 20. Bxe6 fxe6 21.
h5 Rf8 22. Rhf1 Rf4 23. h6 g6 24. c3 a5 25. a3 a4 26. Ka1 b5 27. Rde1 Qc4 28.
Rf2 Kd7 29. Qe3 Qc5 30. Qd2 Qb6 31. Rff1 Rc8 32. Re3 Rcf8 33. Rd3 Kc7 34. Rd1
Rd8 35. Kb1 Rf7 36. Ka1 Qc5 37. Kb1 Rf4 1/2-1/2

[Event "Liberec Open 2016"]
[Site "Liberec CZE"]
[Date "2016.02.14"]
[Round "2.24"]
[White "Paldus, Petr"]
[Black "Rychtecky, Pavel"]
[Result "1-0"]
[WhiteElo "1999"]
[BlackElo "1536"]
[PlyCount "87"]
[EventDate "2016.02.13"]
[EventType "swiss"]
[EventRounds "9"]
[EventCountry "CZE"]
[Source "lmi"]
[SourceDate "2016.02.13"]

1. e4 c5 2. b3 Nc6 3. Nf3 d6 4. d4 cxd4 5. Nxd4 Nf6 6. Nxc6 bxc6 7. Bd3 g6 8.
Bb2 Bg7 9. O-O O-O 10. Nd2 d5 11. exd5 cxd5 12. Nf3 Bb7 13. Qe2 e6 14. Rad1 Qa5
15. a3 Qc7 16. Rfe1 Nd7 17. Bxg7 Kxg7 18. c4 Nc5 19. cxd5 Nxd3 20. Rxd3 Bxd5
21. Qb2+ f6 22. Ng5 Qb6 23. Rxd5 exd5 24. Ne6+ Kg8 25. Nxf8 Rxf8 26. Qc3 Kg7
27. Re7+ Rf7 28. Qe3 d4 29. Rxf7+ Kxf7 30. Qd3 Qc5 31. h4 Qc1+ 32. Kh2 Qf4+ 33.
Kg1 Qc1+ 34. Kh2 Qxa3 35. Qxd4 a5 36. Qc4+ Kg7 37. Kg3 Qb4 38. Qxb4 axb4 39.
Kf4 Kf7 40. Ke4 Ke6 41. Kd4 Kd6 42. Kc4 h5 43. f4 Kc6 44. Kxb4 1-0

[Event "Liberec Open 2016"]
[Site "Liberec CZE"]
[Date "2016.02.14"]
[Round "2.28"]
[White "Bindrich, Oswald"]
[Black "Hercik, Petr"]
[Result "1-0"]
[WhiteElo "2105"]
[BlackElo "1594"]
[PlyCount "43"]
[EventDate "2016.02.13"]
[EventType "swiss"]
[EventRounds "9"]
[EventCountry "CZE"]
[Source "lmi"]
[SourceDate "2016.02.13"]

1. e4 c5 2. Nf3 d6 3. d4 cxd4 4. Nxd4 Nf6 5. Nc3 a6 6. Bg5 e6 7. f4 Be7 8. Qf3
Qc7 9. O-O-O Nbd7 10. g4 b5 11. Bxf6 Bxf6 12. Bxb5 Bxd4 13. Bxd7+ Bxd7 14. Rxd4
Bc6 15. Rhd1 Rd8 16. Qd3 Ke7 17. Qxa6 Ra8 18. Qc4 Rhc8 19. Qb4 Rd8 20. Rxd6
Qxd6 21. Rxd6 Rxd6 22. e5 1-0

[Event "Liberec Open 2016"]
[Site "Liberec CZE"]
[Date "2016.02.14"]
[Round "2.29"]
[White "Frej, Zofia"]
[Black "Palla, Ivan"]
[Result "1-0"]
[WhiteElo "1756"]
[BlackElo "1589"]
[PlyCount "55"]
[EventDate "2016.02.13"]
[EventType "swiss"]
[EventRounds "9"]
[EventCountry "CZE"]
[Source "lmi"]
[SourceDate "2016.02.13"]

1. e4 c5 2. Nf3 e6 3. d4 cxd4 4. Nxd4 Nf6 5. Nc3 Nc6 6. Bc4 a6 7. Bb3 Qc7 8.
O-O Na5 9. Re1 Nxb3 10. Nxb3 d6 11. Bf4 Ng8 12. Qd2 b5 13. Rad1 b4 14. Nb1 e5
15. Be3 Bb7 16. Qxb4 d5 17. Qb6 Qxb6 18. Bxb6 d4 19. c3 Nf6 20. cxd4 Bb4 21.
Re2 exd4 22. Rxd4 Be7 23. Nc3 Nd7 24. Ba5 Ne5 25. Nd5 Bxd5 26. exd5 f6 27. f4
Nf7 28. d6 1-0

[Event "Liberec Open 2016"]
[Site "Liberec CZE"]
[Date "2016.02.14"]
[Round "2.38"]
[White "Hrbek, Stepan"]
[Black "Kutek, Jiri"]
[Result "1-0"]
[WhiteElo "1656"]
[BlackElo "1456"]
[PlyCount "53"]
[EventDate "2016.02.13"]
[EventType "swiss"]
[EventRounds "9"]
[EventCountry "CZE"]
[Source "lmi"]
[SourceDate "2016.02.13"]

1. d4 d5 2. Nf3 e6 3. g3 c5 4. Bg2 Nc6 5. O-O b6 6. c4 Nf6 7. Nc3 h6 8. Ne5 Bb7
9. Qa4 Qc7 10. cxd5 exd5 11. Nxd5 Nxd5 12. Bxd5 Rc8 13. Bxf7+ Kd8 14. Bf4 Qe7
15. Rfd1 c4 16. Bxc4 g5 17. Nf7+ Ke8 18. Nxh8 Qe4 19. d5 Bc5 20. dxc6 Bxc6 21.
Bf7+ Ke7 22. Qxe4+ Bxe4 23. Be5 g4 24. Rac1 Bc6 25. a3 Ba4 26. b3 Bd7 27. b4
1-0

[Event "Liberec Open 2016"]
[Site "Liberec CZE"]
[Date "2016.02.14"]
[Round "2.43"]
[White "Feldvabl, Vilem"]
[Black "Simak, Ivo"]
[Result "1/2-1/2"]
[WhiteElo "1623"]
[BlackElo "1416"]
[PlyCount "47"]
[EventDate "2016.02.13"]
[EventType "swiss"]
[EventRounds "9"]
[EventCountry "CZE"]
[Source "lmi"]
[SourceDate "2016.02.13"]

1. d4 Nf6 2. Bg5 d6 3. e3 g6 4. Nf3 Bg7 5. Be2 b6 6. c3 Bb7 7. Nbd2 Nbd7 8. O-O
h6 9. Bh4 Nh7 10. h3 Ndf6 11. Nh2 Ng5 12. f4 Ngh7 13. Bf3 c6 14. b4 Qd7 15. Ng4
Nh5 16. Nh2 N5f6 17. Ng4 c5 18. Nxf6+ Nxf6 19. Bxf6 Bxf6 20. Bxb7 Qxb7 21. Qf3
Qxf3 22. Nxf3 O-O 23. a4 Rfc8 24. b5 1/2-1/2

[Event "Liberec Open 2016"]
[Site "Liberec CZE"]
[Date "2016.02.15"]
[Round "3.1"]
[White "Hons, Tomas"]
[Black "Mikalsen, Erlend"]
[Result "0-1"]
[WhiteElo "2030"]
[BlackElo "2319"]
[PlyCount "96"]
[EventDate "2016.02.13"]
[EventType "swiss"]
[EventRounds "9"]
[EventCountry "CZE"]
[Source "lmi"]
[SourceDate "2016.02.13"]

1. d4 Nf6 2. c4 e6 3. Nf3 b6 4. g3 Ba6 5. Qa4 Be7 6. Bg2 O-O 7. Nc3 c6 8. O-O
d5 9. Ne5 Qe8 10. cxd5 b5 11. Qa5 cxd5 12. b4 Qd8 13. Qxd8 Rxd8 14. a3 Nfd7 15.
Nd3 Nc6 16. Nc5 Nxc5 17. dxc5 Bf6 18. Bb2 Bb7 19. Rab1 a6 20. f4 Ne7 21. Rfd1
Bc6 22. e3 Nf5 23. Rd3 a5 24. Ne2 axb4 25. Bxf6 gxf6 26. axb4 Ne7 27. Bf1 e5
28. Rdb3 d4 29. exd4 exd4 30. Rd1 Nf5 31. Bh3 Ra2 32. Nc1 Re2 33. Bxf5 Rg2+ 34.
Kf1 Rxh2 35. Bg4 Re8 36. Be2 Bd5 37. Rbd3 Bc4 38. R3d2 d3 39. Nxd3 Rexe2 40.
Rxe2 Rh1+ 41. Kf2 Rxd1 42. Re8+ Kg7 43. Ne1 Rd2+ 44. Kf3 Rb2 45. Rb8 Rxb4 46.
c6 Be6 47. Re8 Rc4 48. Ke3 Bd5 0-1

[Event "Liberec Open 2016"]
[Site "Liberec CZE"]
[Date "2016.02.15"]
[Round "3.2"]
[White "Dzikowski, Michal"]
[Black "Bartos, Jan"]
[Result "1/2-1/2"]
[WhiteElo "2028"]
[BlackElo "2181"]
[PlyCount "65"]
[EventDate "2016.02.13"]
[EventType "swiss"]
[EventRounds "9"]
[EventCountry "CZE"]
[Source "lmi"]
[SourceDate "2016.02.13"]

1. d4 d5 2. Bf4 e6 3. e3 Bd6 4. Bg3 Nf6 5. Nd2 O-O 6. Ngf3 c5 7. c3 Nc6 8. Bd3
b6 9. Ne5 Qc7 10. f4 Ne7 11. O-O Nf5 12. Bf2 Be7 13. Qe2 Bb7 14. Rfc1 Rac8 15.
g4 Nd6 16. Bh4 Nfe4 17. Bxe7 Qxe7 18. Qg2 cxd4 19. cxd4 Nxd2 20. Qxd2 f6 21.
Nf3 Ne4 22. Qe2 Qd7 23. Nd2 Rxc1+ 24. Rxc1 Rc8 25. Rxc8+ Qxc8 26. Nxe4 dxe4 27.
Bc4 Bd5 28. b3 g5 29. fxg5 fxg5 30. Qf1 Qf8 31. Qxf8+ Kxf8 32. Bxd5 exd5 33.
Kf2 1/2-1/2

[Event "Liberec Open 2016"]
[Site "Liberec CZE"]
[Date "2016.02.15"]
[Round "3.3"]
[White "Balinski, Damian"]
[Black "Bilczewski, Kacper"]
[Result "1-0"]
[WhiteElo "2181"]
[BlackElo "2015"]
[PlyCount "59"]
[EventDate "2016.02.13"]
[EventType "swiss"]
[EventRounds "9"]
[EventCountry "CZE"]
[Source "lmi"]
[SourceDate "2016.02.13"]

1. c4 c6 2. Nf3 d5 3. b3 Nf6 4. g3 e6 5. Bb2 Nbd7 6. Bg2 Bd6 7. d4 O-O 8. O-O
Qe7 9. Ne5 Bc7 10. Nd2 Nxe5 11. dxe5 Nd7 12. Nf3 Rd8 13. Qc2 Nf8 14. Nd4 Bxe5
15. Nxc6 bxc6 16. Bxe5 Bb7 17. c5 Ba6 18. Rfe1 Qd7 19. Bd6 Ng6 20. e4 Re8 21.
Qc3 Ne7 22. Rad1 Qb7 23. Be5 f6 24. Bd6 Rad8 25. Bh3 Nc8 26. exd5 exd5 27. Re3
Be2 28. Re1 Bh5 29. Rxe8+ Bxe8 30. Qa5 1-0

[Event "Liberec Open 2016"]
[Site "Liberec CZE"]
[Date "2016.02.15"]
[Round "3.4"]
[White "Malinovsky, Petr"]
[Black "Moravec, Vit"]
[Result "0-1"]
[WhiteElo "1979"]
[BlackElo "2180"]
[PlyCount "66"]
[EventDate "2016.02.13"]
[EventType "swiss"]
[EventRounds "9"]
[EventCountry "CZE"]
[Source "lmi"]
[SourceDate "2016.02.13"]

1. d4 Nf6 2. c4 e6 3. Nc3 Bb4 4. Bg5 h6 5. Bh4 c5 6. d5 d6 7. e3 g5 8. Bg3 Ne4
9. Nge2 Qf6 10. Rc1 e5 11. a3 Bxc3+ 12. Nxc3 Nxc3 13. Rxc3 Bf5 14. Bd3 Bxd3 15.
Qxd3 O-O 16. h4 Qg6 17. hxg5 hxg5 18. e4 Nd7 19. Qe2 Nf6 20. Re3 Kg7 21. f3 Rh8
22. Qf1 Rxh1 23. Qxh1 Rb8 24. Kd2 b5 25. Rb3 Rh8 26. Qf1 bxc4 27. Rb7 g4 28.
Qf2 gxf3 29. gxf3 Rh3 30. Bh2 Qh6+ 31. Kd1 Rxh2 32. Qg3+ Kf8 33. Rb8+ Ne8 0-1

[Event "Liberec Open 2016"]
[Site "Liberec CZE"]
[Date "2016.02.15"]
[Round "3.5"]
[White "Grzesik, Norbert"]
[Black "Simon, Eric"]
[Result "1-0"]
[WhiteElo "1892"]
[BlackElo "2107"]
[PlyCount "99"]
[EventDate "2016.02.13"]
[EventType "swiss"]
[EventRounds "9"]
[EventCountry "CZE"]
[Source "lmi"]
[SourceDate "2016.02.13"]

1. e4 Nf6 2. e5 Nd5 3. d4 d6 4. c4 Nb6 5. exd6 exd6 6. Nc3 Be7 7. Bd3 Bf6 8.
Be3 Nc6 9. Nge2 Bg4 10. f3 Bh5 11. b3 Bg6 12. a3 O-O 13. O-O Re8 14. Bf2 Bxd3
15. Qxd3 g6 16. f4 Qd7 17. d5 Ne7 18. Bd4 Qf5 19. Qxf5 Bxd4+ 20. Nxd4 Nxf5 21.
Nxf5 gxf5 22. Nb5 Re3 23. Rf3 Rae8 24. Raf1 Rxf3 25. Rxf3 a6 26. Nd4 Re1+ 27.
Kf2 Ra1 28. a4 Ra2+ 29. Kg3 Nd7 30. Nxf5 Nc5 31. Re3 h5 32. Re7 Rb2 33. Rxc7
Rxb3+ 34. Kh4 Ne4 35. Kxh5 Rb2 36. Nh6+ Kf8 37. Rxf7+ Ke8 38. Rg7 Rc2 39. f5
Kf8 40. Rf7+ Ke8 41. Rg7 Kf8 42. Rxb7 Rxg2 43. Ng4 Ke8 44. f6 Kf8 45. h3 Nc5
46. Ra7 Rb2 47. Kg6 Rb8 48. Rh7 Kg8 49. Nh6+ Kf8 50. Rh8# 1-0

[Event "Liberec Open 2016"]
[Site "Liberec CZE"]
[Date "2016.02.15"]
[Round "3.8"]
[White "Chudinovskikh, Alexander M"]
[Black "Mikalsen, Harald"]
[Result "1-0"]
[WhiteElo "2257"]
[BlackElo "1975"]
[PlyCount "57"]
[EventDate "2016.02.13"]
[EventType "swiss"]
[EventRounds "9"]
[EventCountry "CZE"]
[Source "lmi"]
[SourceDate "2016.02.13"]

1. d4 Nf6 2. c4 e6 3. Nc3 Bb4 4. a3 Bxc3+ 5. bxc3 d5 6. f3 b6 7. cxd5 exd5 8.
e3 O-O 9. Bd3 c5 10. Ne2 Nc6 11. O-O Bb7 12. Ng3 c4 13. Bb1 Na5 14. e4 Qd7 15.
Ra2 Ne8 16. Re2 Nc7 17. e5 Nb3 18. Qc2 g6 19. Bh6 Ne6 20. Nh5 Qc6 21. Nf6+ Kh8
22. Ree1 Nexd4 23. cxd4 Nxd4 24. Qf2 Ne6 25. Qh4 Rg8 26. Nxh7 Rg7 27. Nf6 Nf8
28. e6 fxe6 29. Be3+ 1-0

[Event "Liberec Open 2016"]
[Site "Liberec CZE"]
[Date "2016.02.15"]
[Round "3.10"]
[White "Polak, Benedikt"]
[Black "Molnar, Jiri"]
[Result "1/2-1/2"]
[WhiteElo "2170"]
[BlackElo "1892"]
[PlyCount "56"]
[EventDate "2016.02.13"]
[EventType "swiss"]
[EventRounds "9"]
[EventCountry "CZE"]
[Source "lmi"]
[SourceDate "2016.02.13"]

1. d4 d5 2. c4 c6 3. Nc3 Nf6 4. e3 e6 5. Nf3 Bd6 6. Bd3 O-O 7. O-O Nbd7 8. e4
dxe4 9. Nxe4 Nxe4 10. Bxe4 Nf6 11. Bc2 h6 12. b3 b6 13. Bb2 Bb7 14. Qd3 Re8 15.
Rfe1 g6 16. Rad1 Bf8 17. Ne5 Bg7 18. Re3 c5 19. dxc5 Qxd3 20. Rexd3 Be4 21.
R3d2 Bxc2 22. Rxc2 bxc5 23. Nd7 Nxd7 24. Bxg7 Kxg7 25. Rxd7 a5 26. g3 a4 27.
bxa4 Rxa4 28. Rc7 Rea8 1/2-1/2

[Event "Liberec Open 2016"]
[Site "Liberec CZE"]
[Date "2016.02.15"]
[Round "3.15"]
[White "Stebel, Jacek"]
[Black "Paldus, Petr"]
[Result "1-0"]
[WhiteElo "1858"]
[BlackElo "1999"]
[PlyCount "91"]
[EventDate "2016.02.13"]
[EventType "swiss"]
[EventRounds "9"]
[EventCountry "CZE"]
[Source "lmi"]
[SourceDate "2016.02.13"]

1. d4 d5 2. c4 c6 3. Nc3 e6 4. Nf3 f5 5. Bg5 Nf6 6. e3 Be7 7. Bd3 O-O 8. Qc2
Ne4 9. Bxe7 Qxe7 10. O-O Bd7 11. Ne5 Be8 12. f3 Nxc3 13. bxc3 Nd7 14. Nxd7 Qxd7
15. Rab1 g5 16. e4 fxe4 17. fxe4 Bg6 18. e5 Bxd3 19. Qxd3 Rxf1+ 20. Rxf1 Rf8
21. Rxf8+ Kxf8 22. Qe3 h6 23. Qf2+ Qf7 24. c5 Qxf2+ 25. Kxf2 Kf7 26. g4 b6 27.
cxb6 axb6 28. Ke3 Ke7 29. Kd3 Kd7 30. Kc2 c5 31. Kb3 Kc6 32. Ka4 b5+ 33. Ka5 b4
34. cxb4 cxd4 35. b5+ Kc5 36. b6 d3 37. b7 d2 38. b8=Q d1=Q 39. Qb4+ Kc6 40.
Qb6+ Kd7 41. Qd6+ Kc8 42. Qxe6+ Kc7 43. Qd6+ Kb7 44. e6 Qxg4 45. e7 Qe4 46.
Qd7+ 1-0

[Event "Liberec Open 2016"]
[Site "Liberec CZE"]
[Date "2016.02.15"]
[Round "3.17"]
[White "Krivanek, Vladimir"]
[Black "Polansky, Adam Lubos"]
[Result "1-0"]
[WhiteElo "2137"]
[BlackElo "1641"]
[PlyCount "72"]
[EventDate "2016.02.13"]
[EventType "swiss"]
[EventRounds "9"]
[EventCountry "CZE"]
[Source "lmi"]
[SourceDate "2016.02.13"]

1. d4 Nf6 2. Nc3 d5 3. Bg5 Bf5 4. e3 c6 5. Bd3 Bg6 6. f4 Nbd7 7. Nf3 e6 8. O-O
Be7 9. Ne5 Ne4 10. Nxg6 Nxc3 11. Qh5 Ne2+ 12. Kf2 Nxf4 13. exf4 fxg6 14. Bxg6+
Kf8 15. Rae1 Bxg5 16. fxg5 Ke7 17. Bf5 Nf8 18. Kg1 g6 19. Qh6 Rg8 20. Bxe6 Nxe6
21. Qxh7+ Kd6 22. Rxe6+ Kxe6 23. Qf7+ Kd6 24. Rf6+ Qxf6 25. gxf6 Rae8 26. g4 g5
27. Qxb7 Rgf8 28. Qg7 Rg8 29. Qxa7 Rgf8 30. Qg7 Rg8 31. Qh7 Re1+ 32. Kf2 Rge8
33. Qd3 Rh1 34. f7 Rxh2+ 35. Kg1 Rhh8 36. fxe8=Q Rxe8 1-0

[Event "Liberec Open 2016"]
[Site "Liberec CZE"]
[Date "2016.02.15"]
[Round "3.25"]
[White "Koubova, Anna Marie"]
[Black "Pawicki, Krzysztof"]
[Result "1-0"]
[WhiteElo "1870"]
[BlackElo "1590"]
[PlyCount "53"]
[EventDate "2016.02.13"]
[EventType "swiss"]
[EventRounds "9"]
[EventCountry "CZE"]
[Source "lmi"]
[SourceDate "2016.02.13"]

1. e4 e5 2. Nf3 Nc6 3. Bb5 Nf6 4. O-O a6 5. Ba4 Bc5 6. c3 O-O 7. d4 exd4 8.
cxd4 Bb6 9. Nc3 d6 10. Bg5 Bg4 11. Bxc6 bxc6 12. e5 dxe5 13. dxe5 Qxd1 14.
Rfxd1 Nh5 15. Rac1 f6 16. exf6 Nxf6 17. Na4 Ba7 18. Rxc6 Bxf2+ 19. Kxf2 Ne4+
20. Ke2 Nxg5 21. Rd3 Rae8+ 22. Kf2 Re7 23. Nc5 Ref7 24. Kg3 Bxf3 25. gxf3 Nxf3
26. Ne6 Ne5 27. Nxf8 1-0

[Event "Liberec Open 2016"]
[Site "Liberec CZE"]
[Date "2016.02.15"]
[Round "3.28"]
[White "Klucznik, Andre"]
[Black "Bogusz, Alan"]
[Result "1-0"]
[WhiteElo "1832"]
[BlackElo "1572"]
[PlyCount "63"]
[EventDate "2016.02.13"]
[EventType "swiss"]
[EventRounds "9"]
[EventCountry "CZE"]
[Source "lmi"]
[SourceDate "2016.02.13"]

1. Nf3 Nf6 2. b3 g6 3. Bb2 Bg7 4. g3 O-O 5. Bg2 d5 6. O-O c5 7. d4 cxd4 8. Bxd4
e6 9. Nbd2 Nc6 10. Bb2 a6 11. Ne5 Nxe5 12. Bxe5 Nd7 13. Bxg7 Kxg7 14. Nf3 Nf6
15. Qd4 Qc7 16. Rac1 b5 17. Ne5 Bb7 18. Ng4 Qe7 19. c4 h5 20. Ne5 dxc4 21. Bxb7
Qxb7 22. bxc4 bxc4 23. Rxc4 Rad8 24. Qc3 Rc8 25. Rc1 Rxc4 26. Qxc4 Rd8 27. Qc6
Qxc6 28. Rxc6 Nd7 29. Rd6 Nxe5 30. Rxd8 Nc6 31. Ra8 Nb4 32. a3 1-0

[Event "Liberec Open 2016"]
[Site "Liberec CZE"]
[Date "2016.02.15"]
[Round "3.31"]
[White "Jina, Lubos"]
[Black "Kosior, Jan"]
[Result "1/2-1/2"]
[WhiteElo "1767"]
[BlackElo "1360"]
[PlyCount "60"]
[EventDate "2016.02.13"]
[EventType "swiss"]
[EventRounds "9"]
[EventCountry "CZE"]
[Source "lmi"]
[SourceDate "2016.02.13"]

1. d4 d5 2. Nf3 Nf6 3. e3 e6 4. c4 c6 5. Bd3 Nbd7 6. O-O Bd6 7. b3 e5 8. dxe5
Nxe5 9. Bb2 Nxd3 10. Qxd3 Bg4 11. Nbd2 O-O 12. h3 Be6 13. Qc2 h6 14. Nd4 Qe8
15. Nf5 Bxf5 16. Qxf5 Qe6 17. Qc2 Be5 18. Rad1 Rad8 19. Ba3 Bd6 20. cxd5 Nxd5
21. Bxd6 Rxd6 22. Ne4 Rdd8 23. Nc5 Qe7 24. Nd3 Rd6 25. Qc5 Rfd8 26. Nb2 b6 27.
Qc1 c5 28. Qc4 Qe5 29. Qc1 Qc3 30. Nc4 Qxc1 1/2-1/2

[Event "Liberec Open 2016"]
[Site "Liberec CZE"]
[Date "2016.02.15"]
[Round "3.41"]
[White "Hung, Do"]
[Black "Masek, Stanislav"]
[Result "1-0"]
[WhiteElo "1715"]
[BlackElo "1557"]
[PlyCount "51"]
[EventDate "2016.02.13"]
[EventType "swiss"]
[EventRounds "9"]
[EventCountry "CZE"]
[Source "lmi"]
[SourceDate "2016.02.13"]

1. e4 c5 2. Nf3 e6 3. d4 cxd4 4. Nxd4 Nc6 5. Nc3 Qc7 6. f4 a6 7. a3 d6 8. Be3
Nf6 9. Nb3 Rb8 10. g4 h5 11. g5 Ng4 12. Bg1 e5 13. f5 g6 14. fxg6 fxg6 15. h3
Qe7 16. hxg4 Bxg4 17. Be2 Bxe2 18. Qxe2 Qxg5 19. Be3 Qg3+ 20. Bf2 Qf4 21. Nd5
Qf7 22. Rf1 Qg7 23. O-O-O h4 24. Bb6 Rc8 25. Qg4 Rd8 26. Nc7+ 1-0

[Event "Liberec Open 2016"]
[Site "Liberec CZE"]
[Date "2016.02.15"]
[Round "4.1"]
[White "Mikalsen, Erlend"]
[Black "Grzesik, Norbert"]
[Result "1-0"]
[WhiteElo "2319"]
[BlackElo "1892"]
[PlyCount "65"]
[EventDate "2016.02.13"]
[EventType "swiss"]
[EventRounds "9"]
[EventCountry "CZE"]
[Source "lmi"]
[SourceDate "2016.02.13"]

1. e4 c5 2. Nf3 d6 3. d4 cxd4 4. Nxd4 Nf6 5. Nc3 a6 6. Bg5 e6 7. f4 Be7 8. Qf3
Qc7 9. O-O-O Nbd7 10. Bd3 b5 11. Rhe1 Bb7 12. Qg3 O-O-O 13. Bxf6 gxf6 14. Qg7
Nc5 15. Qxf7 Rdf8 16. Qh5 b4 17. Nce2 e5 18. Qh3+ Qd7 19. Nf5 Kd8 20. Qe3 Qc6
21. Kb1 Rhg8 22. Neg3 Rg4 23. fxe5 fxe5 24. Be2 Rg6 25. Bh5 Rgf6 26. Bf3 Rg6
27. Nxe7 Kxe7 28. Nf5+ Kd7 29. g4 Rgf6 30. Bh1 Rc8 31. Rd2 Na4 32. Red1 Ke8 33.
Qb3 1-0

[Event "Liberec Open 2016"]
[Site "Liberec CZE"]
[Date "2016.02.15"]
[Round "4.2"]
[White "Moravec, Vit"]
[Black "Balinski, Damian"]
[Result "1/2-1/2"]
[WhiteElo "2180"]
[BlackElo "2181"]
[PlyCount "109"]
[EventDate "2016.02.13"]
[EventType "swiss"]
[EventRounds "9"]
[EventCountry "CZE"]
[Source "lmi"]
[SourceDate "2016.02.13"]

1. e4 c5 2. Nf3 Nc6 3. Bb5 g6 4. Bxc6 bxc6 5. O-O Bg7 6. d3 Nf6 7. h3 O-O 8.
Nc3 Rb8 9. Rb1 d6 10. Be3 e5 11. Qd2 Ne8 12. Bh6 f5 13. Bxg7 Nxg7 14. exf5 gxf5
15. Qg5 Rf6 16. b4 Rxb4 17. a3 Rb6 18. Na4 Rxb1 19. Rxb1 Rf8 20. Qxd8 Rxd8 21.
Rb8 Rf8 22. Ra8 Bb7 23. Rxa7 Ra8 24. Rxa8+ Bxa8 25. Nb6 Bb7 26. Nc4 Ne8 27. Na5
Ba6 28. Nxc6 Kf7 29. Nd2 Bb5 30. Na5 Ke6 31. Nab3 Nf6 32. f3 e4 33. dxe4 fxe4
34. c4 Ba6 35. Kf2 exf3 36. gxf3 Nd7 37. f4 d5 38. cxd5+ Kxd5 39. Ke3 Nf6 40.
Nc1 Bc8 41. Ne2 Bxh3 42. Nc3+ Kc6 43. Nde4 Nxe4 44. Kxe4 Kd6 45. f5 Bf1 46. a4
h5 47. Kf4 Bd3 48. a5 h4 49. Kg4 Bxf5+ 50. Kxf5 h3 51. Ne4+ Kc6 52. Ke5 Kb5 53.
Kd5 c4 54. a6 Kxa6 55. Kxc4 1/2-1/2

[Event "Liberec Open 2016"]
[Site "Liberec CZE"]
[Date "2016.02.15"]
[Round "4.3"]
[White "Parizek, Vojtech"]
[Black "Plischki, Sebastian"]
[Result "0-1"]
[WhiteElo "1852"]
[BlackElo "2381"]
[PlyCount "96"]
[EventDate "2016.02.13"]
[EventType "swiss"]
[EventRounds "9"]
[EventCountry "CZE"]
[Source "lmi"]
[SourceDate "2016.02.13"]

1. e4 c5 2. Nf3 d6 3. d4 cxd4 4. Nxd4 Nf6 5. Nc3 a6 6. g3 e5 7. Nde2 Be7 8. Bg2
b5 9. O-O Nbd7 10. h3 O-O 11. g4 b4 12. Nd5 Nxd5 13. exd5 a5 14. a3 Rb8 15.
axb4 axb4 16. Ng3 Nc5 17. Re1 Bg5 18. Ne4 Nxe4 19. Bxe4 Bxc1 20. Qxc1 Qh4 21.
Re3 f5 22. gxf5 Bxf5 23. Bxf5 Rxf5 24. Rg3 Rbf8 25. Qe3 Rxf2 26. Qxf2 Rxf2 27.
Kxf2 Qd4+ 28. Ke2 Qe4+ 29. Kd2 Qxd5+ 30. Rd3 Qg2+ 31. Kc1 h5 32. Rxd6 Qxh3 33.
Ra8+ Kh7 34. Re8 Qf1+ 35. Kd2 h4 36. Rde6 Qf4+ 37. Ke2 Qg4+ 38. Kf2 Qd4+ 39.
Ke1 Qxb2 40. Rxe5 Qc1+ 41. Kf2 Qxc2+ 42. Ke1 b3 43. Rb5 h3 44. Re3 h2 45. Rh3+
Kg8 46. Rb8+ Kf7 47. Rf3+ Ke7 48. Rb7+ Kd6 0-1